Responses for Show #8819 - Thursday, March 2, 2023

2023 High School Reunion Tournament quarterfinal game 9.

Contestants

[<< previous game]

Maggie Brown, a junior at the University of West Florida from Pensacola, Florida

Caleb Richmond, a sophomore at Georgetown University from Bedford, New Hampshire

Hannah Nekritz, a senior at Brandeis University from Stamford, Connecticut

[next game >>]

Jeopardy! Round responses

BIRDS NEAR WATER
IN THE SPORT
COURSE DESCRIPTIONS
RANDOM STUFF
U.S. HISTORY
THAT'S D-MINUS WORK
(Mayim: Each response is two words.)
    $200 30
a pelican

Caleb
    $200 28
(Mayim: [Laughing] That's [*]; we kinda covered 'em all.)
(Caleb: The Internet's gonna love that.)

baseball

Triple Stumper
    $200 26
(Mayim: [Chuckling] That's right; oh, [*].)

Freud

Caleb
    $200 24
a school bus

Caleb
    $200 25
(a) constitutional (convention)

Hannah
    $200 21
draft & raft

Caleb
    $400 29
a Canada goose

Caleb
    $400 27
(Caleb: What is water polo?)
...
(Caleb: Let's finish out IN THE SPORT, I wanna get rid of it.)
[Laughter]

golf

Caleb
Triple Stumper
    $400 16
the Whig Party

Caleb
    $400 23
a microchip

Maggie
    $400 22
the Supreme Court

Caleb
    $400 20
driver & river

Triple Stumper
    $600 18
an osprey

Triple Stumper
    $600 17
(Caleb: Not my category, I'll go to...)
[Laughter]

boxing

Triple Stumper
    $600 15
WeWork

Caleb
    $600 9
pores

Hannah
    $5,018 14
Robert E. Lee

Caleb
    $600 19
Stan & stand

Hannah
    $800 12
a hammerhead

Caleb
    $800 11
hockey

Triple Stumper
    $800 7
libel

Caleb
    $800 6
Artemis

Caleb
    $800 3
a flapper

Hannah
    $800 8
(Hannah: What is wade... and waded and wa--)
(Mayim: No, too much time.)
(Maggie: What is wade and wad?)

wadded & waded

HannahCalebMaggie
    $1000 4
the sandpiper

Triple Stumper
    $1000 10
(Hannah: What is roulette?)
(Caleb: What is horse racing?)

polo

HannahCaleb
Triple Stumper
    $1000 2
Simone de Beauvoir

Caleb
    $1000 5
American Samoa

Caleb
    $1000 13
the Santa Fe Trail

Caleb
    $1000 1
[Hannah selected the first clue.]

fee & feed

Hannah

Scores at the first commercial break (after clue 14):

Hannah Caleb Maggie
$600 $10,218 -$800

Scores at the end of the Jeopardy! Round:

Hannah Caleb Maggie
$1,400 $12,418 -$400

Double Jeopardy! Round responses

-POL, -POLI, -POLIS CITIES
HIT ALBUMS
ACTION & ADVENTURE NOVELS
TRANSPORT OVER THE AGES
DOCUMENTARY SUBJECTS
ODD WORDS
    $400 20
Indianapolis

Hannah
    $400 30
Lady Gaga

Hannah
    $400 22
Nancy Drew

Maggie
    $400 29
the Vikings

Caleb
    $400 27
graffiti artists

Caleb
    $400 25
yourself

Caleb
    $800 8
Napoli

Caleb
    $800 24
Taylor's Version

Hannah
    $800 21
The Girl with the Dragon Tattoo

Hannah
    $800 28
the Baltimore & Ohio

Caleb
    $800 26
a crucifix

Hannah
    $800 17
an ampersand

Caleb
    $1200 5
Annapolis

Hannah
    $1200 2
(Hannah: What is... 21?)

30

HannahCaleb
    $1200 13
Expeditionary Force

Triple Stumper
    $1200 9
Verne

Caleb
    $1200 12
deforestation

Hannah
    $1200 16
(Mayim: Esyay.)
[Laughter]

ixnay

Hannah
    $1600 3
Heliopolis

Caleb
    $1600 1
Lil Uzi Vert

Triple Stumper
    $1600 7
[Caleb did not include the leading article in his response.]

The Call of the Wild

Caleb
    $1600 10
(Hannah: What is a submarine?)
(Maggie: What is a U-boat?)

a zeppelin

HannahMaggie
Triple Stumper
    $10,018 18
(Caleb: Hmm... what is... verbose?)

logorrhea

Caleb
    $1600 15
a brouhaha

Hannah
    $2000 4
Sevastopol

Caleb
    $2000 23
Mumford & Sons

Triple Stumper
    $2000 6
Horatio Hornblower

Triple Stumper
    $10,018 11
the Silk Road

Caleb
    $2000 19
Nan Goldin

Triple Stumper
    $2000 14
xenophobia

Hannah

Scores at the end of the Double Jeopardy! Round:

Hannah Caleb Maggie
$9,000 $23,618 -$1,600
(lock game)

[wagering suggestions for these scores]

Final Jeopardy! Round responses

NONFICTION
HannahWhat is The Communist Mani
$9,000
CalebWhat is the Communist Manifesto? (Hoya Saxa!)
$5,617
The Communist Manifesto

Final scores:

Hannah Caleb Maggie
$0 $29,235 -$1,600
2nd place: $5,000 Winner: semifinalist 3rd place: $5,000

Game dynamics:

Coryat scores:

Hannah Caleb Maggie
$9,000 $21,200 -$1,600
15 R,
4 W
28 R
(including 2 DDs),
3 W
(including 1 DD)
2 R,
2 W

Combined Coryat: $28,600

[game clues] [game scores] [suggest correction]

Game tape date: 2023-01-30
The J! Archive is created by fans, for fans. Scraping, republication, monetization, and malicious use prohibited; this site may use cookies and collect identifying information. See terms. The Jeopardy! game show and all elements thereof, including but not limited to copyright and trademark thereto, are the property of Jeopardy Productions, Inc. and are protected under law. This website is not affiliated with, sponsored by, or operated by Jeopardy Productions, Inc. Join the discussion at JBoard.tv.